[Event "Zalakaros Barczay Memorial 2020"]
[Site "Zalakaros"]
[Date "2020.09.05"]
[Round "6.3"]
[White "Bodrogi, Bendeguz"]
[Black "Horvath, Adam"]
[Result "0-1"]
[WhiteElo "2078"]
[BlackElo "2497"]
[Annotator "TA"]
[PlyCount "48"]
[EventDate "2020.08.31"]
[EventType "swiss"]
[EventCountry "HUN"]
[SourceTitle "playchess.com"]
[Source "ChessBase"]
[SourceQuality "1"]

{[%evp 12,48,31,36,29,3,0,0,0,-7,-4,-27,-17,-59,-42,-126,-75,-104,-79,-61,-54,-58,-58,-67,-63,-63,-58,-56,-51,-134,-134,-149,-142,-154,-152,-139,-141,-725,-716]} 1. c4 c5 2. Nf3 g6 3. d4 cxd4 4. Nxd4 Nc6 5. e4 d6 6. Nc3 Bg7 7. Be3 Qb6 {[%cal Rc6d4] B38: Sicilian: Maroczy Bind with 5...Bg7 and 7...0-0.} 8. Nb3 (8. Ndb5 $5 {[%cal Re3b6]} Bxc3+ 9. Nxc3 (9. bxc3 Qa5 $11) 9... Qxb2 10. Bd2 $14) 8... Bxc3+ 9. bxc3 Qc7 {The position is equal.} 10. c5 dxc5 $1 11. Bxc5 Nf6 {[#]} 12. Bd3 $146 ({Predecessor:} 12. f3 O-O 13. Be2 Be6 14. O-O Nh5 15. Be3 Nf4 16. Nd4 Rfd8 17. Qd2 Nxe2+ 18. Qxe2 {½-½ (72) Timofeev,A (2549)-Savchenko,B (2585) Sochi 2017}) 12... O-O 13. Qe2 (13. f3 $15) 13... Ne5 (13... Be6 $142 $1 14. f3 Ne5) 14. Bc2 a5 {Strongly threatening ...a4.} 15. Bd4 b6 {...Ba6 is the strong threat.} (15... a4 {seems wilder.} 16. Nd2 Nc6 17. Be3 Be6 18. h3 Nb4) 16. f4 Nc6 {[%cal Be5c6,Bc6b4,Bb4d3][%mdl 32]} 17. Bxf6 $1 exf6 18. O-O Rd8 19. Qe3 Ba6 20. Rfd1 (20. Rfe1 $15) 20... a4 $17 21. Nd2 {[#]} Nb4 $1 $36 {[%cal Rb4c2][%mdl 2560] Black has strong initiative.} 22. Bxa4 (22. cxb4 Qxc2) 22... Rd3 23. Qf2 Rxc3 {And now ...Nd3 would win.} 24. f5 $2 {[%mdl 8192] [#]} (24. Rab1 $17 Nd3 25. Qxb6) 24... Nd3 $1 {Accuracy: White = 41%, Black = 87%.} 0-1

[Event "Zalakaros Barczay Memorial 2020"]
[Site "Zalakaros"]
[Date "2020.09.05"]
[Round "6.4"]
[White "Dobos, Jozsef"]
[Black "Hardicsay, Peter"]
[Result "1/2-1/2"]
[WhiteElo "2254"]
[BlackElo "2196"]
[Annotator "NA"]
[PlyCount "21"]
[EventDate "2020.08.31"]
[EventType "swiss"]
[EventCountry "HUN"]
[SourceTitle "playchess.com"]
[Source "ChessBase"]
[SourceQuality "1"]
[TimeControl "40/5400+30:1800+30"]

1. e4 {[%emt 0:00:05]} e5 {[%emt 0:00:06]} 2. Nf3 {[%emt 0:00:05]} Nc6 {[%emt 0:00:08]} 3. Bb5 {[%emt 0:00:07]} a6 {[%emt 0:00:06]} 4. Ba4 {[%emt 0:00:03]} Nf6 {[%emt 0:00:09]} 5. O-O {[%emt 0:00:06]} b5 {[%emt 0:00:13]} 6. Bb3 {[%emt 0:00:08]} Be7 {[%emt 0:00:06]} 7. Re1 {[%emt 0:00:13]} d6 {[%emt 0:00:14]} 8. c3 {[%emt 0:00:23]} O-O {[%emt 0:00:15]} 9. h3 {[%emt 0:00:10]} Na5 {[%emt 0:00:08]} 10. Bc2 {[%emt 0:00:07]} c5 {[%emt 0:00:05]} 11. d4 {[%emt 0:00:06]} 1/2-1/2

[Event "Zalakaros Barczay Memorial 2020"]
[Site "Zalakaros"]
[Date "2020.09.05"]
[Round "6.5"]
[White "Boronyak, Arpad"]
[Black "Leszko, Bence"]
[Result "0-1"]
[WhiteElo "2120"]
[BlackElo "2305"]
[Annotator "ChessBase"]
[PlyCount "130"]
[EventDate "2020.08.31"]
[EventType "swiss"]
[EventCountry "HUN"]
[SourceTitle "playchess.com"]
[Source "ChessBase"]
[SourceQuality "1"]
[TimeControl "40/5400+30:1800+30"]

1. e4 {[%emt 0:00:05]} e6 {[%emt 0:00:24]} 2. d4 {[%emt 0:00:15]} d5 {[%emt 0:00:05]} 3. Nd2 {[%emt 0:00:07]} Nc6 {[%emt 0:00:03]} 4. Ngf3 {[%emt 0:04:32]} Nf6 {[%emt 0:00:12]} 5. e5 {[%emt 0:00:23]} Nd7 {[%emt 0:00:04]} 6. c3 {[%emt 0:02:01]} f6 {[%emt 0:00:05]} 7. exf6 {[%emt 0:00:22]} Qxf6 {[%emt 0:00:05]} 8. Bb5 {[%emt 0:02:52]} Bd6 {[%emt 0:00:02]} 9. Nf1 {[%emt 0:03:09]} O-O {[%emt 0:00:34]} 10. Ng3 {[%emt 0:03:57]} e5 {[%emt 0:01:22]} 11. Qb3 {[%emt 0:20:19]} Nb6 {[%emt 0:03:52]} 12. Be3 {[%emt 0:14:56]} Na5 {[%emt 0:06:56]} 13. Qc2 {[%emt 0:01:33]} e4 {[%emt 0:04:31]} 14. Ne5 {[%emt 0:11:26]} a6 {[%emt 0:09:42]} 15. Be2 {[%emt 0:00:26]} Bxe5 {[%emt 0:02:32]} 16. dxe5 {[%emt 0:00:10]} Qxe5 {[%emt 0:00:58]} 17. O-O {[%emt 0:03:00]} Nac4 {[%emt 0:02:29]} 18. Bd4 {[%emt 0:00:14]} Qe7 {[%emt 0:01:59]} 19. b3 {[%emt 0:01:31]} Nd6 {[%emt 0:03:55]} 20. c4 {[%emt 0:00:32]} dxc4 {[%emt 0:02:14]} 21. bxc4 {[%emt 0:00:06]} Nf5 {[%emt 0:00:27]} 22. Nxf5 Bxf5 {[%emt 0:00:13]} 23. Qb3 {[%emt 0:09:25]} Rad8 {[%emt 0:09:09]} 24. Rad1 {[%emt 0:02:40]} Qe6 {[%emt 0:05:51]} 25. Qc3 {[%emt 0:03:16]} Rd7 {[%emt 0:01:47]} 26. Be3 {[%emt 0:03:46]} Rfd8 {[%emt 0:00:59]} 27. Qb3 {[%emt 0:01:30]} Rxd1 {[%emt 0:06:24]} 28. Rxd1 {[%emt 0:00:06]} Rxd1+ {[%emt 0:00:04]} 29. Qxd1 {[%emt 0:00:03]} Nd7 {[%emt 0:01:32]} 30. h3 {[%emt 0:02:15]} c5 {[%emt 0:02:07]} 31. Qd2 {[%emt 0:02:27]} b6 {[%emt 0:01:01]} 32. Qb2 {[%emt 0:00:48]} Ne5 {[%emt 0:04:32]} 33. Qa3 {[%emt 0:00:39]} a5 {[%emt 0:01:03]} 34. Qb3 {[%emt 0:01:15]} h6 {[%emt 0:00:50]} 35. Bf4 {[%emt 0:02:37]} Nd3 36. Bc7 {[%emt 0:02:21]} Nc1 {[%emt 0:11:13]} 37. Qb2 {[%emt 0:01:05]} Qc6 38. Bb8 {[%emt 0:00:44]} Nd3 {[%emt 0:03:31]} 39. Qc3 {[%emt 0:00:00]} Qe6 40. Bc7 {[%emt 0:00:00]} Kh7 {[%emt 0:00:00]} 41. Bf1 {[%emt 0:03:15]} Qc6 {[%emt 0:13:28]} 42. Bb8 {[%emt 0:03:41]} Qg6 {[%emt 0:00:37]} 43. Bg3 {[%emt 0:02:52]} Kh8 {[%emt 0:01:48]} 44. Qd2 {[%emt 0:02:06]} Qe6 {[%emt 0:00:19]} 45. Qc3 {[%emt 0:00:33]} Qg6 {[%emt 0:03:10]} 46. Kh2 {[%emt 0:01:22]} Qc6 {[%emt 0:01:46]} 47. Be2 {[%emt 0:03:06]} Kg8 48. f3 {[%emt 0:01:25]} Qg6 {[%emt 0:04:18]} 49. fxe4 {[%emt 0:01:02]} Bxe4 {[%emt 0:00:39]} 50. Qd2 {[%emt 0:00:16]} Kh7 {[%emt 0:02:45]} 51. Qe3 {[%emt 0:02:27]} Nb4 52. Qd2 Nc6 {[%emt 0:00:55]} 53. Qf4 {[%emt 0:02:32]} Nd4 {[%emt 0:00:29]} 54. Bh5 {[%emt 0:02:54]} Qc6 {[%emt 0:04:20]} 55. Qd6 {[%emt 0:02:14]} Qxd6 {[%emt 0:03:14]} 56. Bxd6 {[%emt 0:00:05]} a4 {[%emt 0:07:27]} 57. Bc7 {[%emt 0:01:56]} b5 {[%emt 0:00:13]} 58. cxb5 {[%emt 0:02:55]} Nxb5 {[%emt 0:00:08]} 59. Bb6 {[%emt 0:00:30]} c4 {[%emt 0:00:09]} 60. Be8 {[%emt 0:00:13]} Nc3 {[%emt 0:00:36]} 61. a3 {[%emt 0:01:51]} Bc2 62. Kg1 Bb3 {[%emt 0:01:32]} 63. Bc6 {[%emt 0:02:36]} Na2 {[%emt 0:00:29]} 64. Be4+ {[%emt 0:01:17]} g6 {[%emt 0:00:15]} 65. Bb1 {[%emt 0:00:11]} Nc3 {[%emt 0:00:05]} 0-1

[Event "Zalakaros Barczay Memorial 2020"]
[Site "Zalakaros"]
[Date "2020.09.05"]
[Round "6.6"]
[White "Pasztor, Ferenc"]
[Black "Bereczki, Janos"]
[Result "1-0"]
[WhiteElo "2231"]
[BlackElo "2099"]
[Annotator "ChessBase"]
[PlyCount "85"]
[EventDate "2020.08.31"]
[EventType "swiss"]
[EventCountry "HUN"]
[SourceTitle "playchess.com"]
[Source "ChessBase"]
[SourceQuality "1"]
[TimeControl "40/5400+30:1800+30"]

1. d4 {[%emt 0:00:04]} Nf6 {[%emt 0:01:13]} 2. c4 {[%emt 0:00:16]} e6 {[%emt 0:00:10]} 3. g3 {[%emt 0:01:00]} d5 {[%emt 0:00:13]} 4. Bg2 {[%emt 0:00:31]} dxc4 {[%emt 0:00:24]} 5. Qa4+ {[%emt 0:00:49]} Bd7 {[%emt 0:01:23]} 6. Qxc4 {[%emt 0:00:19]} Bc6 {[%emt 0:00:13]} 7. Nf3 {[%emt 0:00:22]} Nbd7 {[%emt 0:07:34]} 8. Nc3 {[%emt 0:01:46]} Nb6 {[%emt 0:02:32]} 9. Qd3 {[%emt 0:01:02]} Bb4 {[%emt 0:00:15]} 10. O-O {[%emt 0:01:50]} Bxc3 {[%emt 0:04:41]} 11. bxc3 {[%emt 0:01:37]} Be4 {[%emt 0:00:19]} 12. Qb5+ {[%emt 0:09:11]} Qd7 {[%emt 0:01:29]} 13. Qxd7+ {[%emt 0:02:33]} Nfxd7 {[%emt 0:01:33]} 14. Bf4 {[%emt 0:00:56]} Nd5 {[%emt 0:07:54]} 15. Bd2 {[%emt 0:01:46]} N7b6 {[%emt 0:00:13]} 16. Rfc1 {[%emt 0:01:19]} Nc4 {[%emt 0:01:46]} 17. Be1 {[%emt 0:00:21]} f6 {[%emt 0:01:13]} 18. Bh3 {[%emt 0:03:36]} Kf7 {[%emt 0:01:33]} 19. Nd2 {[%emt 0:00:33]} Nxd2 {[%emt 0:03:00]} 20. Bxd2 {[%emt 0:00:21]} Nb6 {[%emt 0:00:11]} 21. f3 {[%emt 0:15:49]} Bc6 {[%emt 0:03:38]} 22. c4 {[%emt 0:02:04]} Rhd8 {[%emt 0:00:35]} 23. Be3 {[%emt 0:00:15]} Nc8 {[%emt 0:15:36]} 24. Bf2 {[%emt 0:01:03]} f5 {[%emt 0:00:59]} 25. Bg2 {[%emt 0:00:10]} Ne7 {[%emt 0:19:01]} 26. e4 {[%emt 0:01:11]} b6 {[%emt 0:02:30]} 27. a4 {[%emt 0:03:40]} Rac8 {[%emt 0:03:32]} 28. a5 {[%emt 0:01:27]} Bb7 {[%emt 0:03:25]} 29. Be3 {[%emt 0:08:58]} Nc6 {[%emt 0:03:32]} 30. axb6 {[%emt 0:02:05]} axb6 {[%emt 0:08:11]} 31. d5 {[%emt 0:01:38]} exd5 {[%emt 0:01:44]} 32. cxd5 {[%emt 0:01:19]} Na5 {[%emt 0:00:19]} 33. Ra3 {[%emt 0:02:18]} g6 {[%emt 0:02:38]} 34. Bd2 {[%emt 0:01:01]} c6 {[%emt 0:00:22]} 35. Bxa5 {[%emt 0:12:05]} bxa5 {[%emt 0:00:18]} 36. Rb3 {[%emt 0:02:11]} Rd7 {[%emt 0:03:15]} 37. Rbc3 {[%emt 0:01:44]} Rd6 {[%emt 0:00:23]} 38. Rb1 {[%emt 0:07:15]} Rd7 {[%emt 0:00:24]} 39. exf5 {[%emt 0:00:38]} cxd5 {[%emt 0:00:30]} 40. fxg6+ {[%emt 0:00:00]} Kxg6 {[%emt 0:00:00]} 41. Rxb7 {[%emt 0:01:03]} Rxb7 {[%emt 0:03:17]} 42. Rxc8 {[%emt 0:00:29]} a4 {[%emt 0:00:17]} 43. Ra8 {[%emt 0:00:58]} 1-0

[Event "Zalakaros Barczay Memorial 2020"]
[Site "Zalakaros"]
[Date "2020.09.05"]
[Round "6.7"]
[White "Meszaros, Andras"]
[Black "Herbold, Manfred"]
[Result "1-0"]
[WhiteElo "2203"]
[BlackElo "2063"]
[Annotator "ChessBase"]
[PlyCount "85"]
[EventDate "2020.08.31"]
[EventType "swiss"]
[EventCountry "HUN"]
[SourceTitle "playchess.com"]
[Source "ChessBase"]
[SourceQuality "1"]
[TimeControl "40/5400+30:1800+30"]

1. e4 {[%emt 0:00:05]} e6 {[%emt 0:00:25]} 2. b3 {[%emt 0:00:12]} c5 {[%emt 0:02:17]} 3. Nf3 {[%emt 0:00:24]} d5 {[%emt 0:03:41]} 4. exd5 {[%emt 0:01:04]} exd5 {[%emt 0:00:39]} 5. Bb5+ {[%emt 0:04:22]} Bd7 {[%emt 0:01:33]} 6. Qe2+ {[%emt 0:00:16]} Qe7 {[%emt 0:01:51]} 7. Nc3 {[%emt 0:00:58]} Qxe2+ {[%emt 0:12:52]} 8. Kxe2 {[%emt 0:02:23]} Nf6 {[%emt 0:04:36]} 9. Re1 {[%emt 0:02:10]} a6 {[%emt 0:07:13]} 10. Kf1+ {[%emt 0:00:23]} Be7 {[%emt 0:00:13]} 11. Bxd7+ {[%emt 0:02:38]} Nbxd7 {[%emt 0:00:30]} 12. d4 {[%emt 0:00:40]} Rc8 {[%emt 0:03:43]} 13. Ba3 {[%emt 0:04:06]} b5 {[%emt 0:02:01]} 14. dxc5 {[%emt 0:02:57]} Nxc5 {[%emt 0:01:28]} 15. Nd4 {[%emt 0:07:52]} Ne6 {[%emt 0:09:00]} 16. Nxe6 {[%emt 0:01:39]} Bxa3 {[%emt 0:02:42]} 17. Nf4+ {[%emt 0:01:28]} Kf8 {[%emt 0:05:02]} 18. Ncxd5 {[%emt 0:00:35]} Nxd5 {[%emt 0:04:59]} 19. Nxd5 {[%emt 0:00:06]} Rxc2 {[%emt 0:00:28]} 20. Re2 {[%emt 0:00:17]} Rxe2 {[%emt 0:01:16]} 21. Kxe2 {[%emt 0:00:37]} g6 {[%emt 0:00:49]} 22. b4 {[%emt 0:21:10]} Kg7 {[%emt 0:02:08]} 23. Rb1 {[%emt 0:01:00]} Rc8 {[%emt 0:01:49]} 24. Kd3 {[%emt 0:00:19]} Rc4 {[%emt 0:05:12]} 25. Rb3 {[%emt 0:00:40]} Bc1 {[%emt 0:00:25]} 26. Rc3 {[%emt 0:00:18]} Rg4 {[%emt 0:04:49]} 27. Rxc1 {[%emt 0:00:42]} Rxg2 {[%emt 0:00:08]} 28. Ke3 {[%emt 0:01:03]} Rxh2 {[%emt 0:00:25]} 29. Rc6 {[%emt 0:01:09]} Rh3+ {[%emt 0:00:36]} 30. f3 {[%emt 0:00:28]} g5 {[%emt 0:00:13]} 31. Ke4 {[%emt 0:01:57]} h5 {[%emt 0:03:23]} 32. Rxa6 {[%emt 0:00:43]} Rh4+ {[%emt 0:01:25]} 33. Ke3 {[%emt 0:05:30]} Rh3 {[%emt 0:00:45]} 34. Ke4 {[%emt 0:10:07]} h4 {[%emt 0:04:07]} 35. Ne3 {[%emt 0:00:30]} Rh2 {[%emt 0:01:20]} 36. Nf5+ {[%emt 0:07:04]} Kg8 {[%emt 0:01:09]} 37. f4 {[%emt 0:08:54]} gxf4 {[%emt 0:04:45]} 38. Kxf4 {[%emt 0:00:59]} Rb2 {[%emt 0:00:33]} 39. Nxh4 {[%emt 0:06:02]} Rxb4+ {[%emt 0:00:09]} 40. Kg5 {[%emt 0:00:00]} Rb1 {[%emt 0:00:00]} 41. Nf5 {[%emt 0:00:21]} b4 {[%emt 0:03:56]} 42. Nd4 {[%emt 0:01:03]} Kg7 {[%emt 0:08:22]} 43. Kf5 {[%emt 0:00:07]} 1-0

[Event "Zalakaros Barczay Memorial 2020"]
[Site "Zalakaros"]
[Date "2020.09.05"]
[Round "6.8"]
[White "Piroska, Istvan"]
[Black "Metaxasz, Vaszilisz"]
[Result "1-0"]
[WhiteElo "2131"]
[BlackElo "2039"]
[Annotator "ChessBase"]
[PlyCount "25"]
[EventDate "2020.08.31"]
[EventType "swiss"]
[EventCountry "HUN"]
[SourceTitle "playchess.com"]
[Source "ChessBase"]
[SourceQuality "1"]
[TimeControl "40/5400+30:1800+30"]

1. e4 {[%emt 0:00:10]} e5 {[%emt 0:00:14]} 2. Nf3 {[%emt 0:00:16]} Nc6 {[%emt 0:00:19]} 3. Bc4 {[%emt 0:00:13]} Bc5 {[%emt 0:01:56]} 4. Nc3 {[%emt 0:00:22]} Nf6 {[%emt 0:02:13]} 5. d3 {[%emt 0:00:25]} O-O {[%emt 0:05:44]} 6. a3 {[%emt 0:03:03]} a6 {[%emt 0:06:11]} 7. Bg5 {[%emt 0:01:44]} Be7 {[%emt 0:05:22]} 8. Qd2 {[%emt 0:00:49]} d6 {[%emt 0:04:17]} 9. Rg1 {[%emt 0:03:49]} Nd4 {[%emt 0:10:06]} 10. Bxf6 {[%emt 0:06:04]} Nxf3+ {[%emt 0:06:51]} 11. gxf3 {[%emt 0:00:57]} Bxf6 {[%emt 0:00:08]} 12. O-O-O {[%emt 0:03:03]} h6 {[%emt 0:04:21]} 13. Qxh6 1-0

[Event "Zalakaros Barczay Memorial 2020"]
[Site "Zalakaros"]
[Date "2020.09.05"]
[Round "6.9"]
[White "Farkas, Otto Jr."]
[Black "Biro, Sandor"]
[Result "0-1"]
[WhiteElo "2054"]
[BlackElo "2141"]
[Annotator "ChessBase"]
[PlyCount "56"]
[EventDate "2020.08.31"]
[EventType "swiss"]
[EventCountry "HUN"]
[SourceTitle "playchess.com"]
[Source "ChessBase"]
[SourceQuality "1"]
[TimeControl "40/5400+30:1800+30"]

1. e4 {[%emt 0:00:03]} e5 {[%emt 0:00:29]} 2. Nf3 {[%emt 0:00:06]} Nc6 {[%emt 0:00:08]} 3. Bb5 {[%emt 0:00:04]} a6 {[%emt 0:00:09]} 4. Ba4 {[%emt 0:00:04]} d6 {[%emt 0:00:34]} 5. c4 {[%emt 0:00:10]} Bd7 {[%emt 0:00:45]} 6. O-O {[%emt 0:01:16]} g6 {[%emt 0:00:47]} 7. d3 {[%emt 0:00:52]} Bg7 {[%emt 0:00:12]} 8. Nc3 {[%emt 0:00:10]} Nge7 {[%emt 0:00:22]} 9. h3 {[%emt 0:00:38]} O-O {[%emt 0:00:25]} 10. Rb1 {[%emt 0:01:10]} f5 {[%emt 0:01:02]} 11. b4 {[%emt 0:03:45]} Kh8 {[%emt 0:02:56]} 12. Nd5 {[%emt 0:12:28]} h6 {[%emt 0:17:09]} 13. Bd2 {[%emt 0:24:47]} Nxd5 {[%emt 0:17:13]} 14. exd5 {[%emt 0:03:14]} Ne7 {[%emt 0:00:13]} 15. Bxd7 {[%emt 0:04:48]} Qxd7 {[%emt 0:00:34]} 16. Bc3 {[%emt 0:02:07]} Kh7 {[%emt 0:03:36]} 17. d4 {[%emt 0:04:46]} e4 {[%emt 0:00:22]} 18. Nd2 {[%emt 0:00:16]} b5 {[%emt 0:05:34]} 19. Qb3 {[%emt 0:05:24]} bxc4 {[%emt 0:00:46]} 20. Nxc4 {[%emt 0:01:42]} Nxd5 {[%emt 0:00:24]} 21. Ba1 {[%emt 0:00:27]} Nf4 {[%emt 0:14:27]} 22. Qe3 {[%emt 0:04:43]} g5 {[%emt 0:01:34]} 23. f3 {[%emt 0:04:28]} Rae8 {[%emt 0:00:55]} 24. Rf2 {[%emt 0:03:59]} Qf7 {[%emt 0:04:00]} 25. Rc2 {[%emt 0:03:18]} Qd5 {[%emt 0:01:55]} 26. Na5 {[%emt 0:02:59]} exf3 {[%emt 0:03:23]} 27. Qxf3 {[%emt 0:00:05]} Qxf3 {[%emt 0:00:55]} 28. gxf3 {[%emt 0:00:06]} Rf7 {[%emt 0:00:25]} 0-1

[Event "Zalakaros Barczay Memorial 2020"]
[Site "Zalakaros"]
[Date "2020.09.05"]
[Round "6.10"]
[White "Krause, Helmut"]
[Black "Molnar Gabor, Roland"]
[Result "0-1"]
[WhiteElo "1585"]
[BlackElo "2051"]
[Annotator "ChessBase"]
[PlyCount "60"]
[EventDate "2020.08.31"]
[EventType "swiss"]
[EventCountry "HUN"]
[SourceTitle "playchess.com"]
[Source "ChessBase"]
[SourceQuality "1"]
[TimeControl "40/5400+30:1800+30"]

1. d4 {[%emt 0:00:03]} e6 {[%emt 0:00:20]} 2. Nf3 {[%emt 0:00:06]} c5 {[%emt 0:00:04]} 3. e3 {[%emt 0:00:18]} Nf6 {[%emt 0:00:21]} 4. Bd3 {[%emt 0:00:45]} b6 {[%emt 0:04:13]} 5. Nbd2 {[%emt 0:01:51]} Bb7 {[%emt 0:02:12]} 6. O-O {[%emt 0:01:54]} Be7 {[%emt 0:00:57]} 7. Qe2 {[%emt 0:01:13]} cxd4 {[%emt 0:00:31]} 8. exd4 {[%emt 0:00:31]} Nc6 {[%emt 0:04:22]} 9. a3 {[%emt 0:01:13]} O-O {[%emt 0:01:18]} 10. b3 {[%emt 0:05:21]} Rc8 {[%emt 0:04:09]} 11. Bb2 {[%emt 0:00:59]} Nd5 {[%emt 0:03:35]} 12. g3 {[%emt 0:18:58]} Nf6 {[%emt 0:07:14]} 13. Ne5 {[%emt 0:04:12]} Qc7 {[%emt 0:06:43]} 14. Rac1 {[%emt 0:01:51]} d6 {[%emt 0:00:33]} 15. Nxc6 {[%emt 0:15:29]} Qxc6 {[%emt 0:01:36]} 16. f3 {[%emt 0:00:21]} Rfd8 {[%emt 0:12:09]} 17. Ba6 {[%emt 0:07:20]} Bxa6 {[%emt 0:06:35]} 18. Qxa6 {[%emt 0:00:16]} Nd5 {[%emt 0:00:15]} 19. Qd3 {[%emt 0:04:28]} Nc3 {[%emt 0:08:10]} 20. Rce1 {[%emt 0:06:21]} d5 {[%emt 0:02:22]} 21. Nb1 {[%emt 0:05:41]} Nxb1 {[%emt 0:00:44]} 22. Rxb1 {[%emt 0:00:42]} Qxc2 {[%emt 0:00:11]} 23. Qe3 {[%emt 0:04:58]} Qf5 {[%emt 0:02:49]} 24. Rbc1 {[%emt 0:03:16]} Rc2 {[%emt 0:03:18]} 25. Rxc2 {[%emt 0:04:15]} Qxc2 {[%emt 0:00:01]} 26. Rf2 {[%emt 0:00:15]} Qb1+ {[%emt 0:01:37]} 27. Kg2 {[%emt 0:00:20]} Rc8 {[%emt 0:00:03]} 28. Qd2 {[%emt 0:02:59]} h5 {[%emt 0:03:05]} 29. h4 {[%emt 0:03:14]} Qg6 {[%emt 0:05:33]} 30. Qd1 {[%emt 0:01:18]} Bxh4 0-1

[Event "Zalakaros Barczay Memorial 2020"]
[Site "Zalakaros"]
[Date "2020.09.05"]
[Round "6.11"]
[White "Jeszenszky, Jozsef"]
[Black "Somogyi, Gabor"]
[Result "0-1"]
[WhiteElo "2048"]
[BlackElo "1830"]
[Annotator "ChessBase"]
[PlyCount "76"]
[EventDate "2020.08.31"]
[EventType "swiss"]
[EventCountry "HUN"]
[SourceTitle "playchess.com"]
[Source "ChessBase"]
[SourceQuality "1"]
[TimeControl "40/5400+30:1800+30"]

1. d4 {[%emt 0:09:35]} d5 {[%emt 0:00:34]} 2. c4 {[%emt 0:00:05]} c6 {[%emt 0:00:02]} 3. cxd5 {[%emt 0:00:09]} cxd5 {[%emt 0:00:11]} 4. Bf4 {[%emt 0:00:06]} Nc6 {[%emt 0:00:06]} 5. e3 {[%emt 0:00:05]} Bf5 {[%emt 0:00:29]} 6. Qb3 {[%emt 0:00:36]} Qd7 {[%emt 0:00:39]} 7. Nc3 {[%emt 0:01:06]} e6 {[%emt 0:00:20]} 8. Nf3 {[%emt 0:00:23]} f6 {[%emt 0:01:13]} 9. Bb5 {[%emt 0:05:45]} Nge7 {[%emt 0:14:30]} 10. O-O {[%emt 0:01:21]} g5 {[%emt 0:00:27]} 11. Bg3 {[%emt 0:00:38]} h5 {[%emt 0:00:12]} 12. h4 {[%emt 0:06:07]} Bg4 {[%emt 0:09:29]} 13. Nd2 {[%emt 0:10:43]} gxh4 {[%emt 0:10:36]} 14. Bxh4 {[%emt 0:00:58]} Nf5 {[%emt 0:00:35]} 15. Bxf6 {[%emt 0:01:27]} Rg8 {[%emt 0:00:59]} 16. Kh1 {[%emt 0:40:28]} Kf7 {[%emt 0:21:29]} 17. Be5 {[%emt 0:00:39]} Qe7 {[%emt 0:06:44]} 18. Bh2 {[%emt 0:02:10]} Qg5 {[%emt 0:09:27]} 19. Bxc6 {[%emt 0:15:03]} bxc6 {[%emt 0:14:04]} 20. Qb7+ {[%emt 0:00:05]} Be7 {[%emt 0:00:14]} 21. Bg3 {[%emt 0:00:45]} Rac8 {[%emt 0:07:36]} 22. Rae1 {[%emt 0:00:06]} Kg6 {[%emt 0:00:24]} 23. Nf3 {[%emt 0:00:33]} Bxf3 {[%emt 0:00:12]} 24. gxf3 {[%emt 0:00:03]} Nxg3+ {[%emt 0:00:39]} 25. fxg3 {[%emt 0:00:04]} Bd6 {[%emt 0:00:24]} 26. Qd7 {[%emt 0:01:07]} Bxg3 {[%emt 0:00:30]} 27. Qxe6+ {[%emt 0:00:08]} Kh7 {[%emt 0:00:01]} 28. Qd7+ {[%emt 0:01:19]} Kh8 {[%emt 0:00:31]} 29. Qh3 {[%emt 0:00:38]} Bxe1 {[%emt 0:00:13]} 30. Rxe1 {[%emt 0:00:02]} Rcf8 {[%emt 0:00:49]} 31. f4 {[%emt 0:02:23]} Qg4 {[%emt 0:00:39]} 32. Kh2 {[%emt 0:00:29]} Qxh3+ {[%emt 0:00:41]} 33. Kxh3 {[%emt 0:00:02]} Rg4 {[%emt 0:00:22]} 34. Na4 {[%emt 0:00:14]} Re8 {[%emt 0:00:17]} 35. Rc1 {[%emt 0:01:36]} Rxe3+ {[%emt 0:00:05]} 36. Kh2 {[%emt 0:00:03]} Rxf4 {[%emt 0:00:44]} 37. Rxc6 {[%emt 0:00:13]} Rxd4 {[%emt 0:00:13]} 38. Rc3 {[%emt 0:01:15]} Rd2+ {[%emt 0:00:11]} 0-1

[Event "Zalakaros Barczay Memorial 2020"]
[Site "Zalakaros"]
[Date "2020.09.06"]
[Round "7.1"]
[White "Leszko, Bence"]
[Black "Kaczur, Florian"]
[Result "1/2-1/2"]
[WhiteElo "2305"]
[BlackElo "2488"]
[Annotator "TA"]
[PlyCount "110"]
[EventDate "2020.08.31"]
[EventType "swiss"]
[EventCountry "HUN"]
[SourceTitle "playchess.com"]
[Source "ChessBase"]
[SourceQuality "1"]

{[%evp 11,110,-14,-14,-23,-27,-37,-20,-11,-21,-15,-17,-32,0,0,0,-24,-6,-21,-27,-32,0,0,0,-21,-12,-58,-48,-93,-91,-140,-132,-132,-132,-132,-138,-137,-137,-140,-110,-154,-140,-143,-110,-116,-102,-110,-102,-171,-171,-171,-120,-171,-120,-120,-120,-139,-129,-128,-121,-122,-14,-51,0,0,0,0,0,-69,-69,-208,-202,-225,-60,-60,-60,-60,-60,-60,-60,-120,-60,-60,-60,-60,-60,-60,0,-60,0,-60,0,0,0,0,0,0,0,0,0,0,0]} 1. e4 e5 2. Nf3 Nc6 3. Nc3 Nf6 4. d4 Bb4 5. d5 Ne7 6. Nxe5 d6 7. Nf3 {C47: Scotch Four Knights and Four Knights with 4 g3.} Nxe4 8. Qd4 Bxc3+ 9. bxc3 Nf6 10. c4 O-O 11. Be2 {[#]} Bg4 $146 ({Predecessor:} 11... Nf5 12. Qd1 Ne4 13. Bb2 Nc5 14. Rb1 Nh4 15. Nxh4 Qxh4 16. O-O Bf5 17. Qd2 Rfe8 {0-1 (38) Santo Roman,M (2495)-Hector,J (2535) Manila 1992}) 12. O-O Re8 13. Qd3 Ng6 14. h3 Bxf3 15. Qxf3 Ne4 16. Bd3 Nc5 17. Bb2 Qg5 18. Rfe1 Ne5 $36 {[%mdl 2048] White is under pressure.} 19. Qe2 Kf8 20. Qe3 ({Don't blunder} 20. Bxh7 $2 g6 $19) 20... Qxe3 21. Rxe3 Nexd3 22. cxd3 Rxe3 23. fxe3 Nxd3 $17 {[%mdl 4096] Endgame KRB-KRN} 24. Bd4 b6 25. a3 f6 26. Kf1 Ke7 27. Ke2 Ne5 28. Bxe5 fxe5 {KR-KR} 29. e4 (29. a4 $17 {was necessary.}) 29... Rf8 $19 30. a4 Rf7 (30... Rf4 $19 31. Ke3 a5) 31. Ke3 (31. a5 $17) 31... Kd7 (31... a5 $19 32. g3 Rf6) 32. a5 $17 Kc8 33. a6 Kd8 34. g3 {[#]} c6 $1 {[%mdl 512]} 35. h4 (35. dxc6 Kc7) 35... Rc7 ({Black should play} 35... g6 $17 36. Rd1 Kd7) 36. Kd3 Ke7 ({Black should try} 36... cxd5 $15 37. cxd5 Rf7) 37. g4 $11 Rc8 38. Rf1 $1 c5 39. Ke3 (39. Kc3 $11) 39... Rf8 $15 40. Rb1 (40. Rg1 $15) 40... Rf4 $19 41. Rg1 Kd7 $2 (41... Kf6 $19 42. Rg3 h6 43. g5+ hxg5 44. hxg5+ Kg6) 42. h5 $1 $15 Kc7 43. g5 Kd7 44. h6 g6 45. Rg2 {[#]} (45. Ra1 $15) 45... Ke7 ({Better is} 45... Rf1 $1 $17 46. Rg3 Ke8) 46. Rg1 Kd8 47. Rb1 {And now Rxb6! would win.} Kc7 48. Kd3 Kd8 49. Ke3 {Hoping for Rxb6!} Ke7 50. Rg1 $1 Rh4 (50... Rf7 $15) 51. Rf1 $11 {The position is equal.} Rh5 52. Rf6 Rxg5 53. Re6+ Kd7 {Threatens to win with ...Rg3+.} 54. Rf6 {Strongly threatening Rf7+.} Ke7 55. Re6+ Kd7 {Accuracy: White = 73%, Black = 70%.} 1/2-1/2